| 000 | 00690nam a2200265Ia 4500 | ||
|---|---|---|---|
| 008 | 210210b2011 xxu||||| |||| 00| 0 eng d | ||
| 020 | _a9788132105015 | ||
| 041 | _aeng | ||
| 082 | _a658.4 MASB | ||
| 100 | _aMASCARENHAS (Oswald A J) | ||
| 245 | _aBusiness transformation strategies: the strategic leader as innovation manager | ||
| 260 |
_aNew Delhi _bDiscovery Publishing House _c2011 |
||
| 300 | _axxii-657 | ||
| 650 | _atransformation | ||
| 650 | _athe | ||
| 650 | _astrategies: | ||
| 650 | _astrategic | ||
| 650 | _amanager | ||
| 650 | _aleader | ||
| 650 | _ainnovation | ||
| 650 | _aBusiness | ||
| 650 | _aas | ||
| 690 | _aExecutive Management | ||
| 906 | _a066152 | ||
| 999 |
_c146533 _d146533 |
||